Strengthening governance through access to justice / (Record no. 26324)

MARC details
000 -LEADER
fixed length control field 00905nam a2200241 a 4500
005 - DATE AND TIME OF LATEST TRANSACTION
control field 20090513143737.0
008 - FIXED-LENGTH DATA ELEMENTS--GENERAL INFORMATION
fixed length control field 920320s1993 njua | b 001 0 eng
010 ## - LCCN (DPL NO)
LC control number ENG-93513
020 ## - INTERNATIONAL STANDARD BOOK NUMBER
International Standard Book Number 9788120336971
Terms of availability 350.00
035 ## - SYSTEM CONTROL NUMBER
System control number EN-77046
037 ## - SOURCE OF ACQUISITION
Source of stock number/acquisition DBAD / PUB
040 ## - CATALOGING SOURCE
Original cataloging agency dpl
Language of cataloging English
082 ## - DEWEY DECIMAL CLASSIFICATION NUMBER
Classification number 340.11
245 ## - TITLE STATEMENT
Title Strengthening governance through access to justice /
Statement of responsibility, etc edited by Amita Singh [and] Nasir Aslam Zahid
260 ## - PUBLICATION, DISTRIBUTION, ETC. (IMPRINT)
Place of publication, distribution, etc New Delhi
Name of publisher, distributor, etc PHI Learning
Date of publication, distribution, etc 2009
270 ## - ADDRESS
Address M-97, Connaught Circus,
City New Delhi
Postal code 110001
300 ## - PHYSICAL DESCRIPTION
Extent vii, 180p.
Dimensions 24cm(Hb)
500 ## - GENERAL NOTE
General note Includes references
700 ## - ADDED ENTRY--PERSONAL NAME
Personal name Singh, Amita
700 ## - ADDED ENTRY--PERSONAL NAME
Personal name Nasir Aslam Zahid
942 ## - ADDED ENTRY ELEMENTS (KOHA)
Source of classification or shelving scheme Dewey Decimal Classification
Item type English Books
Call number suffix STR
Classification part 340.11
Holdings
Withdrawn status Lost status Source of classification or shelving scheme Damaged status Not for loan Collection code Home library Current library Date acquired Source of acquisition Cost, normal purchase price Total Checkouts Full call number Barcode Date last seen Copy number Cost, replacement price Koha item type
    Dewey Decimal Classification   Not For Loan Non-fiction D.B.Act.Division D.B.Act.Division 13/05/2009 DBAD / PUB 350.00   340.11 STR EN-77046 13/05/2009 1 350.00 English Books

© Delhi Public Library
Hit Counter
free hit counter